000 00878nam a2200229Ia 4500
003 CO-ViMGA
008 180103s9999 xx 000 0 und d
020 _a9789585940888
040 _aCO-ViMGA
_bspa
_cCO-ViMGA
082 0 4 _a305.231
_b B17c
100 1 _a Barreiro, Héctor S.
_912164
245 1 0 _aCrónicas de la infancia :
_breflexiones sobre las culturas y vivencias de la niñez en el mundo /
_cHector S. Barreiro
250 _aEdición especial
260 _aBogotá :
_bInternational Learning Services,
_c2017
300 _a168 paginas
_bImágenes a blanco y negro ;
_e23 cm
490 _a(Plan Nacional de Lectura y Escritura Leer es mi Cuento / Ministerio de Cultura)
500 _aIncluye datos biográficos de autor. \
650 1 4 _aDerechos Del Niño
_912160
650 1 4 _aDesarrollo Infantil
_9793
650 1 4 _aNiños - Condiciones Sociales
_912165
942 _2ddc
_cBK
999 _c8463
_d8463